Managerial problem solving (Record no. 82527)

MARC details
000 -LEADER
fixed length control field 00851nam a2200217 a 4500
008 - FIXED-LENGTH DATA ELEMENTS--GENERAL INFORMATION
fixed length control field 120416s1974 ||||||||||||||||| || u
020 ## - INTERNATIONAL STANDARD BOOK NUMBER
International Standard Book Number 0070844453
050 ## - LIBRARY OF CONGRESS CALL NUMBER
Classification number HF 5718 Mar
100 ## - MAIN ENTRY--PERSONAL NAME
Personal name Margerison, Charles J
245 10 - TITLE STATEMENT
Title Managerial problem solving
260 ## - PUBLICATION, DISTRIBUTION, ETC.
Place of publication, distribution, etc. London:
Name of publisher, distributor, etc. McGraw-Hill
Date of publication, distribution, etc. 1974
300 ## - PHYSICAL DESCRIPTION
Extent xii, 166p. : ill
350 ## -
-- 0.00
490 ## -
-- McGraw-Hill European series in management
650 #0 - SUBJECT ADDED ENTRY--TOPICAL TERM
Topical term or geographic name entry element COMMUNICATION IN MANAGEMENT
650 #0 - SUBJECT ADDED ENTRY--TOPICAL TERM
Topical term or geographic name entry element PROBLEM SOLVING
650 #0 - SUBJECT ADDED ENTRY--TOPICAL TERM
Topical term or geographic name entry element MANAGEMENT
650 ## - SUBJECT ADDED ENTRY--TOPICAL TERM
Topical term or geographic name entry element MEETINGS
995 ## -
-- MAIN LIBRARY OPEN ACCESS
-- 0.00
-- 726156
-- CBU-MAIN LIBRARY (Kitwe)
-- 2
-- 9.95
-- HF 5718 Mar
-- 1
-- AVAILABLE
-- 007973
-- Main Library Open Access Collection
995 ## -
-- MAIN LIBRARY OPEN ACCESS
-- 0.00
-- 706441
-- CBU-MAIN LIBRARY (Kitwe)
-- 1
-- 9.95
-- HF 5718 Mar
-- 2
-- AVAILABLE
-- 007974
-- Main Library Open Access Collection
999 ## -
-- 82527
-- 82527
Holdings
Withdrawn status Lost status Source of classification or shelving scheme Damaged status Not for loan Permanent Location Current Location Shelving location Date acquired Total Checkouts Full call number Barcode Date last seen Copy number Price effective from Koha item type
          CBU-MAIN LIBRARY, KITWE. CBU-MAIN LIBRARY, KITWE.   09/29/2023   HF 5718 Mar 007973 09/29/2023 1 09/29/2023 MONOGRAPH
          CBU-MAIN LIBRARY, KITWE. CBU-MAIN LIBRARY, KITWE.   09/29/2023   HF 5718 Mar 007974 09/29/2023 2 09/29/2023 MONOGRAPH